000 02996cam a22001934a 4500
005 20250605164219.0
008 250528s ||||||||||||||||||||||||d
035 _a20594
020 _a9606306037
040 _aGR-AtMCL
_bgre
_dGR-AtMCL
_eAACR2
245 1 _aΔιδακτική Μαθητών με Ειδικές Εκπαιδευτικές Ανάγκες: Εισαγωγή στην Ειδική Παιδαγωγική, Τόμος Β' / Από την Θεωρία στην Πράξη - Προϋποθέσεις, Προβλήματα, Εφαρμογές στη Γενική και Τεχνική-Επαγγελματική Εκπαίδευση και Κατάρτιση, Ειδική Αναφορά στους Χαρισματικούς Μαθητές
260 _bΑποστολική Διακονία Της Εκκλησίας Της Ελλάδος,
_c2005
300 _a420
520 _aΣτο έργο αυτό περιγράφονται σύγχρονες θεωρητικές προσεγγίσεις και εφαρμοσμένες πρακτικές για τη σχολική, επαγγελματική, οικονομική και κοινωνική ένταξη και ενσωμάτωση των ατόμων με ειδικές ανάγκες ή, όπως έχει αρχίσει να καθιερώνεται, ατόμων με αναπηρία (Α.Μ.Α.). Πρόλογος, Εισαγωγή, Εκπαιδευτικός Σχεδιασμός, Η Εκπαίδευση των Μαθητών με Ειδικές Εκπαιδευτικές Ανάγκες, Διάγνωση των Ειδικών Αναγκών, Σκοποί και Στόχοι της Διδασκαλίας, Το Αναλυτικό Πρόγραμμα, Διδακτική Παρέμβαση, Διδασκαλία: Αρχές και Μέθοδοι και Στρατηγικές και Πρότυπα, Διδακτικά Μέσα και Βοηθήματα, Στρατηγικές Μελέτης και Μάθησης - Μεταγνωστικές Δεξιότητες, Αξιολόγηση των Εκπαιδευτικών Αναγκών και της Επίδοσης, Διδακτική Παρέμβαση κατά Κατηγορία Μαθητών, Διδακτική Μαθητών με Ειδικές Εκπαιδευτικές Ανάγκες, Διδακτική Μαθητών με Προβλήματα Ακοής, Διδακκτική Μαθητών με Προβλήματα Όρασης, Διδακτική Μαθητών με Κινητικά Προβλήματα, Διδακτική Μαθητών με Νοητική Υστέρηση, Χαρισματικοί Μαθητές, Εφαρμοσμένη Διδακτική, Παράρτημα, Το Νομοθετικό Πλαίσιο για τα Προγράμματα και την Αξιολόγηση, Βιβλιογραφία.
700 1 _aΔελλασούδας Λαυρέντιος Γ
_95943
942 _cBK
999 _c5685
_d5685